| 000 -ლიდერი |
| ფიქსირებული სიგრძის საკონტროლო ველი |
01023nam a22002057a 4500 |
| 003 - საკონტროლო ნომრის იდენტიფიკატორი |
| საკონტროლო ველი |
Ge_BSU |
| 005 - ბოლო ოპერაციის თარიღი და დრო |
| საკონტროლო ველი |
20251219205915.0 |
| 008 - ფიქსირებული სიგრძის მონაცემთა ელემენტები - ზოგადი ინფორმაცია |
| ფიქსირებული სიგრძის საკონტროლო ველი |
251219s2023 ge ||||| |||| 00| 0 geo d |
| 020 ## - წიგნის საერთაშორისო სტანდარტული ნომერი |
| International Standard Book Number |
9789941114007 |
| 041 ## - ენის კოდი |
| Language code of text/sound track or separate title |
geo |
| 080 ## - უნივერსალური ათობითი კლასიფიკაციის ინდექსი |
| Universal Decimal Classification number |
821.111(73)-31 რ-74 |
| 100 ## - მთავარი ჩანაწერი - პიროვნების სახელი |
| Personal name |
როთი, ფილიპ |
| 9 (RLIN) |
26570 |
| 245 ## - ცნობა სათაურის შესახებ |
| Title |
პორტნოის სინდრომი : |
| Remainder of title |
[რომანი] / |
| Statement of responsibility, etc |
ფილიპ როთი; მთარგმნელი ქეთი ქანთარია; რედაქტორი ირმა ტაველიძე. |
| 264 ## - წარმოების, გამოცემის, დისტრიბუციის და სხვა ცნობები |
| გამოცემის, წარმოების, დისტრიბუციის... ადგილი |
თბილისი : |
| გამოცემის, წარმოების, დისტრიბუციის... სახელწოდება |
დიოგენე, |
| გამოცემის, წარმოების, დისტრიბუციის... თარიღი |
2013. |
| 300 ## - ფიზიკური აღწერა |
| Extent |
338 გვ. ; |
| Other physical details |
20 სმ. |
| 653 ## - INDEX TERM--UNCONTROLLED |
| Uncontrolled term |
მერიკული პროზა -- თარგმანები ქართულ ენაზე. |
| 700 ## - ADDED ENTRY--PERSONAL NAME |
| Personal name |
ქანთარია, ქეთი |
| Relator term |
მთარგმნელი |
| 9 (RLIN) |
26571 |
| 700 ## - ADDED ENTRY--PERSONAL NAME |
| Personal name |
ტაველიძე, ირმა |
| Relator term |
რედაქტორი |
| 9 (RLIN) |
26572 |
| 942 ## - ADDED ENTRY ELEMENTS (KOHA) |
| Source of classification or shelving scheme |
|
| Koha item type |
წიგნი |